[Event "Wch U12 Girls"]
[Site "Al Ain"]
[Date "2013.12.28"]
[Round "11"]
[White "Shengxin, Zhao"]
[Black "Antova, Gabriela"]
[Result "1-0"]
[WhiteElo "1753"]
[BlackElo "1815"]
[PlyCount "119"]
[EventDate "2013.12.18"]
[EventType "swiss"]
[EventRounds "11"]
[EventCountry "UAE"]
[SourceTitle "CBM 158 Extra"]
[Source "ChessBase"]
[SourceDate "2014.02.28"]
[SourceVersion "1"]
[SourceVersionDate "2014.02.28"]
[SourceQuality "1"]

1. Nf3 Nf6 2. d4 d5 3. c4 e6 4. g3 Be7 5. Bg2 0-0 6. 0-0 dxc4 7. Qc2 a6 8. a4 Bd7 9. Qxc4 Bc6 10. Bg5 Bd5 11. Qc1 Nbd7 12. Nc3 Rc8 13. Nxd5 exd5 14. Ne5 Ne4 15. Bxe7 Qxe7 16. Nxd7 Qxd7 17. Bxe4 dxe4 18. e3 Qh3 19. Qc2 Rfe8 20. f3 Qe6 21. b4 exf3 22. Rxf3 Qd5 23. Kf2 Re7 24. Ra3 Rce8 25. Rc3 Qd6 26. Qb3 Qb6 27. a5 Qh6 28. h4 c6 29. Rc5 Qe6 30. Qxe6 Rxe6 31. Ke2 Kf8 32. Rcf5 f6 33. Kd3 Ke7 34. e4 Kd6 35. Re3 R8e7 36. g4 h6 37. g5 hxg5 38. hxg5 Re8 39. gxf6 gxf6 40. Rxf6 Rxf6 41. e5+ Kd5 42. exf6 Rf8 43. Rf3 Rf7 44. Rf2 Ke6 45. Kc4 Kd6 46. Rf3 Kd7 47. Kc5 Kc7 48. Rf4 Kd7 49. Kb6 Kd6 50. Ka7 Kd5 51. Kb8 Kc4 52. Kc8 Kxb4 53. Kd8 Kxa5 54. Ke8 Rh7 55. f7 Rxf7 56. Rxf7 b5 57. Kd7 b4 58. Kxc6 b3 59. Rb7 Ka4 60. d5 1-0

[Event "Wch U12 Girls"]
[Site "Al Ain"]
[Date "2013.12.19"]
[Round "2"]
[White "Sibajeva, Marija"]
[Black "Shengxin, Zhao"]
[Result "1/2-1/2"]
[WhiteElo "1721"]
[BlackElo "1753"]
[PlyCount "106"]
[EventDate "2013.12.18"]
[EventType "swiss"]
[EventRounds "11"]
[EventCountry "UAE"]
[SourceTitle "CBM 158 Extra"]
[Source "ChessBase"]
[SourceDate "2014.02.28"]
[SourceVersion "1"]
[SourceVersionDate "2014.02.28"]
[SourceQuality "1"]

1. d4 d5 2. Nf3 Nf6 3. e3 Bf5 4. Bd3 Bxd3 5. Qxd3 Nbd7 6. 0-0 e6 7. b3 Bd6 8. Bb2 0-0 9. c4 c6 10. Nbd2 Qe7 11. e4 dxe4 12. Nxe4 Nxe4 13. Qxe4 f5 14. Qe2 g5 15. Rfe1 Rae8 16. Ne5 Nxe5 17. dxe5 Bc5 18. Red1 Rd8 19. a3 a5 20. Rd2 f4 21. Rad1 Rxd2 22. Rxd2 Bxa3 23. Bxa3 Qxa3 24. Qg4 Qa1+ 25. Rd1 Qxe5 26. h4 Qf5 27. Qxf5 Rxf5 28. hxg5 Rxg5 29. Rd8+ Kg7 30. Rd7+ Kg6 31. Rxb7 f3 32. g3 Re5 33. Rb6 Re1+ 34. Kh2 Rf1 35. Rxc6 Rxf2+ 36. Kg1 Rg2+ 37. Kf1 Kf5 38. Rc5+ e5 39. Rxa5 Rxg3 40. c5 e4 41. c6+ Ke6 42. Rc5 Rg8 43. Kf2 Kd6 44. Rc4 Rg2+ 45. Ke3 Re2+ 46. Kd4 f2 47. c7 f1Q 48. Rc6+ Ke7 49. c8Q Qf2+ 50. Kc4 Rc2+ 51. Kb5 Qf1+ 52. Kb4 Qe1+ 53. Rc3 Qxc3+ 1/2-1/2